000 00600nam a2200193 i 4500
001 63140
003 ES-MaACL
005 20230906164807.0
007 t|
008 031128s1940 sp ||||1| spa d
100 1 _aFernández-Ruiz, César.
_950054
245 1 3 _aEl aborto criminal
_b: estudio médico-social /
_cCésar Fernández-Ruiz ; pólogo del Dr. Vital Aza.
260 _aMadrid :
_b[s.n.],
_c1940 (
_fUguina)
300 _a119 p. ;
_c21 cm.
650 0 4 _aAborto.
_99570
700 1 _aAza, Vital,
_d1890-1961
_9170049
852 _aES-MaACL
_jA-5320
_bR.18607
999 _c63140
_d63140